Promoting self-determination in students with developmental disabilities / (Record no. 22731)
[ view plain ]
| 000 -LEADER | |
|---|---|
| fixed length control field | 00777nam a2200265 a 4500 |
| 005 - DATE AND TIME OF LATEST TRANSACTION | |
| control field | 20140310183430.0 |
| 008 - FIXED-LENGTH DATA ELEMENTS--GENERAL INFORMATION | |
| fixed length control field | 080107s19uu xx 00 eng d |
| 020 ## - INTERNATIONAL STANDARD BOOK NUMBER | |
| International Standard Book Number | 9781593854607 |
| 050 ## - LIBRARY OF CONGRESS CALL NUMBER | |
| Classification number | LC 4704 |
| Item number | .W425 2007 |
| 100 ## - MAIN ENTRY--PERSONAL NAME | |
| Personal name | Wehmeyer,Michael L. |
| 245 ## - TITLE STATEMENT | |
| Title | Promoting self-determination in students with developmental disabilities / |
| Statement of responsibility, etc | Michael L. Wehmeyer. |
| 260 ## - PUBLICATION, DISTRIBUTION, ETC. (IMPRINT) | |
| Place of publication, distribution, etc | New York : |
| Name of publisher, distributor, etc | The Guilford Press, |
| Date of publication, distribution, etc | 2007. |
| 300 ## - PHYSICAL DESCRIPTION | |
| Extent | 206 p. : |
| Dimensions | 26 cm. |
| 521 ## - TARGET AUDIENCE NOTE | |
| Target audience note | |
| 650 ## - SUBJECT ADDED ENTRY--TOPICAL TERM | |
| Topical term or geographic name as entry element | Developmental Disabilities. |
| 650 ## - SUBJECT ADDED ENTRY--TOPICAL TERM | |
| Topical term or geographic name as entry element | Child. |
| 650 ## - SUBJECT ADDED ENTRY--TOPICAL TERM | |
| Topical term or geographic name as entry element | Mentally Disabled Persons. |
| 700 ## - ADDED ENTRY--PERSONAL NAME | |
| Personal name | Agran, MArytin |
| 700 ## - ADDED ENTRY--PERSONAL NAME | |
| Personal name | Hughes, Carolyn |
| 700 ## - ADDED ENTRY--PERSONAL NAME | |
| Personal name | Martin, james |
| 700 ## - ADDED ENTRY--PERSONAL NAME | |
| Personal name | Mithaug, Dennis |
| 700 ## - ADDED ENTRY--PERSONAL NAME | |
| Personal name | Palmer, Susan |
| 942 ## - ADDED ENTRY ELEMENTS (KOHA) | |
| Koha item type | Books |
| Source of classification or shelving scheme | Library of Congress Classification |
| Call number prefix | Foreign |
| Withdrawn status | Lost status | Source of classification or shelving scheme | Damaged status | Home library | Current library | Shelving location | Date acquired | Source of acquisition | Total Checkouts | Full call number | Barcode | Date last seen | Copy number | Price effective from | Koha item type |
|---|---|---|---|---|---|---|---|---|---|---|---|---|---|---|---|
| Library of Congress Classification | College Library | College Library | General Circulation Section | 10/02/2010 | Donation | LC 4704 .W425 2007 | C8973 | 05/15/2018 | 1 | 03/10/2014 | Books |